| 000 | 00382nam a2200121Ia 4500 | ||
|---|---|---|---|
| 008 | 231129s9999||||xx |||||||||||||| ||spa|| | ||
| 020 | _a958-9176-79-8 | ||
| 082 | _a986.115 B638t | ||
| 100 | _aBlanco Barros Jose Agustin | ||
| 245 | 0 | _aTubara: la encomienda mayor de Tierradentro | |
| 264 | _aCentro Editorial Javeriano CEJA | ||
| 942 |
_2ddc _cBKS |
||
| 999 |
_c25737 _d25737 |
||